Flags of Europe before the French Revolution of 1789 - Statistics

General Stats
  • This quiz has been taken 572 times
  • The average score is 21 of 62
Answer Stats
Picture Answer % Correct
Spain
99%
Great Britain
98%
Russia
98%
France
94%
Netherlands
94%
Portugal
91%
Sweden
86%
Denmark-Norway
85%
Prussia
85%
Poland-Lithuania
78%
Switzerland
76%
Habsburg Monarchy
74%
Ottoman Empire
72%
Holy Roman Empire
63%
Bavaria
62%
Venice
60%
Sardinia
55%
Naples
47%
Saxony
43%
Papal States
40%
Genoa
39%
Hanover
35%
San Marino
32%
Baden
31%
Württemberg
27%
Malta
26%
Monaco
26%
Tuscany
25%
Mainz
24%
Sicily
23%
Ragusa
22%
Bremen
21%
Oldenburg
20%
Hohenzollern-Hechingen / Hohenzollern-Sigmaringen
18%
Modena
17%
Andorra
16%
Montenegro
15%
Electoral Palatinate
14%
Aachen / Cologne
13%
Frankfurt
13%
Lübeck
13%
Reuss principalities
12%
Brunswick-Wolfenbüttel
10%
Hesse (Electorate) / Hesse (Grand Duchy)
9%
Lucca
8%
Paderborn / Trier
8%
Massa
7%
Noli
7%
Cospaia
6%
Memmingen
6%
Liechtenstein
4%
Liège
4%
Münster
4%
Salm-Salm
4%
Saxe-Eisenach
4%
Hohengeroldseck
3%
Nassau-Weilburg
3%
Strassbourg
3%
Arenburg
2%
Hesse-Homburg
2%
Nassau-Usingen
2%
Ravensburg
2%
No matching quizzes found
Score Distribution
Percent of People with Each Score
Percentile by Number Answered
Your Score History
You have not taken this quiz